00879nam a2200193 a 4500008004100000050001600041100002500057245001600082246002300098250001200121260004600133300002200179350000900201700002000210995014600230995014600376995014600522999001700668120416s1954 ||||||||||||||||| || u aTH 5501 Dal aDalzell, James Ralph10aBricklaying askill and practice a2nd ed. aChicagobAmerican Technical Societyc1954 avii, 195p. : ill. a0.00 aBurke, Arthur E aANNEX COLLECTION (Main Library)D0.00e715017FCBU-MAIN LIBRARY (Kitwe)H2I2.50jTH 5501 DalUAVAILABLEy015385ZAnnex Low-Usage Collection  aANNEX COLLECTION (Main Library)D0.00e715019FCBU-MAIN LIBRARY (Kitwe)H1I2.50jTH 5501 DalUAVAILABLEy015384ZAnnex Low-Usage Collection  aANNEX COLLECTION (Main Library)D0.00e715018FCBU-MAIN LIBRARY (Kitwe)H3I2.50jTH 5501 DalUAVAILABLEy015386ZAnnex Low-Usage Collection  c84724d84724